00541nam a2200169Ia 450000500170000000800410001702000150005808200130007310000170008624500490010326000390015230000130019150000490020494200060025395200970025999900150035620250620010159.0240331s9999 xx 000 0 und d a9552084652 bGURa305 aGurusinghe,L 0aNuthana sinhala nawakathawe nirupitha striya aColombobS.Godage & Brothersc2008 a198 p ., aThe iconic woman in the modern Sinhala novel cL 001040708LaWERCLbWERCLcSSCd2024-03-31l0o 305.4 GURp6327r2024-03-31w2024-03-31yL c5241d5241